<?xml version="1.0" encoding="utf-8"?>
<?xml-stylesheet type='text/xsl' href='./oai2.xsl'?>
<OAI-PMH xmlns="http://www.openarchives.org/OAI/2.0/" xmlns:xsi="http://www.w3.org/2001/XMLSchema-instance" xsi:schemaLocation="http://www.openarchives.org/OAI/2.0/ http://www.openarchives.org/OAI/2.0/OAI-PMH.xsd">
  <responseDate>2026-06-07T03:54:17Z</responseDate>
  <request verb="GetRecord" metadataPrefix="marcxml" identifier="record_kuniweb_218670">https://kulturerbe.niedersachsen.de/oai</request>
  <GetRecord>
    <record>
      <header>
        <identifier>record_kuniweb_218670</identifier>
        <datestamp>2015-06-19T12:07:43Z</datestamp>
        <setSpec>slg0103</setSpec>
      </header>
      <metadata>
        <marc:record xmlns:marc="http://www.loc.gov/MARC21/slim" xsi:schemaLocation="http://www.loc.gov/MARC21/slim http://www.loc.gov/standards/marcxml/schema/MARC21slim.xsd">
          <marc:leader>12345nem  22     uu 4500</marc:leader>
          <marc:controlfield tag="001">218670</marc:controlfield>
          <marc:controlfield tag="003">http://kuniweb.gbv.de</marc:controlfield>
          <marc:controlfield tag="005">2015-05-12T10:10:46</marc:controlfield>
          <marc:controlfield tag="008">|           ||||||||||||||||||||||</marc:controlfield>
          <marc:datafield tag="245" ind1="1" ind2="0">
            <marc:subfield code="a">Plan der Stadt Göttingen</marc:subfield>
          </marc:datafield>
          <marc:datafield tag="700" ind1="1" ind2=" ">
            <marc:subfield code="a">Raspe</marc:subfield>
            <marc:subfield code="d">* 1712 † 1785</marc:subfield>
            <marc:subfield code="e">Herausgeber</marc:subfield>
          </marc:datafield>
          <marc:datafield tag="655" ind1=" " ind2="7">
            <marc:subfield code="a">Karten</marc:subfield>
          </marc:datafield>
          <marc:datafield tag="046" ind1=" " ind2=" ">
            <marc:subfield code="k">1760</marc:subfield>
            <marc:subfield code="k">zwischen dem Ereignis 1760 und der Veröffentlichung 1762</marc:subfield>
            <marc:subfield code="l">1762</marc:subfield>
          </marc:datafield>
          <marc:datafield tag="260" ind1=" " ind2=" ">
            <marc:subfield code="g">1760</marc:subfield>
            <marc:subfield code="g">1762</marc:subfield>
            <marc:subfield code="g">zwischen dem Ereignis 1760 und der Veröffentlichung 1762</marc:subfield>
          </marc:datafield>
          <marc:datafield tag="300" ind1=" " ind2=" ">
            <marc:subfield code="a">Höhe: 22,5 cm
Breite: 37,5 cm</marc:subfield>
          </marc:datafield>
          <marc:datafield tag="520" ind1=" " ind2=" ">
            <marc:subfield code="a">Maßstäbe in cm bzw. Maßstabszahl: ¼ Meile = ½ Wegstunde = 7,7
Ausrichtung nach: Norden
Rückseite: leer 

Anmerkungen: 
Die nach der Schlacht bei Minden (vgl. Kriegskarte 09) aus Südniedersachsen vertriebenen Franzosen (vgl. Kriegskarte 10) waren bald zurück gekehrt. Der Text unter dem Titel besagt, daß Göttingen von ihnen unter dem Kommando von de Vaux besetzt war und die alliierte hannoversche Armee unter dem Kommando des Herzogs Ferdinand von Braunschweig-Wolfenbüttel die Stadt eingeschlossen hatte, aber wegen des entstandenen schlechten Wetters im Dezember 1760 abziehen mußte. - Kriegskarten 05 bis 13 beziehen sich auf den Siebenjährigen Krieg, 10 bis 13 auf den Kleinkrieg in Südniedersachsen.

Veröffentlicht in:
„in zwanzig illuminirten Blaettern vom Jahre 1760. Schauplatz des gegenwärtigen Kriegs. Schau Platz des gegenwaertigen Kriegs / durch accurate Plans von den wichtigsten Bataillen u. Belagerungen ; Vierter Theil“. Raspische Buchhhandlung, Nürnberg, 1762. (als Plan Nr. 80)</marc:subfield>
          </marc:datafield>
          <marc:datafield tag="650" ind1="1" ind2=" ">
            <marc:subfield code="a">Siebenjähriger Krieg</marc:subfield>
          </marc:datafield>
          <marc:datafield tag="773" ind1="0" ind2=" ">
            <marc:subfield code="t">Sammlung Körber-Einbeck</marc:subfield>
          </marc:datafield>
          <marc:datafield tag="852" ind1=" " ind2=" ">
            <marc:subfield code="a">Institut für Historische Landesforschung der Universität Göttingen</marc:subfield>
          </marc:datafield>
          <marc:datafield tag="" ind1=" " ind2=" ">
            <marc:subfield code="a">Namensnennung-Nicht kommerziell 4.0 International (CC BY-NC 4.0))</marc:subfield>
          </marc:datafield>
        </marc:record>
      </metadata>
    </record>
  </GetRecord>
</OAI-PMH>
